| 000 | 00355 a2200157 4500 | ||
|---|---|---|---|
| 001 | 153088 | ||
| 040 | _cEscola São Tomás de Aquino | ||
| 100 | _aPALAORO, V.J | ||
| 240 | 1 | 0 |
_aVira-lata, sim senhor ! _lpor |
| 245 | 1 | 0 | _aVira-lata, sim senhor ! |
| 300 | _a71 | ||
| 362 | 0 | _a2001 | |
| 440 | 1 | _aScipione | |
| 697 | _a*LITERATURA JUVENIL | ||
| 942 | _cBK | ||
| 999 |
_c153088 _d153088 |
||